Синтез, геометрические и прочностные расчеты планетарных механизмов с некруглыми зубчатыми колесами роторных гидромашин: диссертация на соискание ученой степени доктора технических наук; спец. 01.02.06; спец. 05.02.18

Библиографические подробности
Главный автор: Ан И-Кан
Автор-организация: Томский политехнический университет
Другие авторы: Беляев А. Е. Арнольд Ефроимович (научный руководитель)
Язык:русский
Опубликовано: Томск, 2001
Предметы:
Формат: Книга
Запись в KOHA:https://koha.lib.tpu.ru/cgi-bin/koha/opac-detail.pl?biblionumber=38678

MARC

LEADER 00000nbm0a2200000 4500
001 38678
005 20231031010404.0
035 |a (RuTPU)RU\TPU\book\39480 
090 |a 38678 
100 |a 20020314j2001 k y0rusy50 ca 
101 0 |a rus 
102 |a RU 
105 |a a m 001zy 
200 1 |a Синтез, геометрические и прочностные расчеты планетарных механизмов с некруглыми зубчатыми колесами роторных гидромашин  |e диссертация на соискание ученой степени доктора технических наук  |e спец. 01.02.06  |e спец. 05.02.18  |f Ан И-Кан  |g Томский политехнический университет ; науч. рук. А. Е. Беляев 
210 |a Томск  |d 2001 
215 |a 220 л.  |c ил. 
320 |a Библиогр.: с. 210-217 
610 1 |a гидроэнергетика 
610 1 |a роторы 
610 1 |a гидромашины 
610 1 |a зубчатые колеса 
610 1 |a планетарные механизмы 
610 1 |a синтез 
610 1 |a расчеты 
610 1 |a диссертации 
610 1 |a труды учёных ТПУ 
675 |a 621.224-2(04)  |v 3 
686 |a 01.02.06  |2 oksvnk 
686 |a 05.02.18  |2 oksvnk 
700 0 |a Ан И-Кан  |c специалист в области теоретической и прикладной механики  |c профессор Томского политехнического университета, доктор технических наук  |2 stltpush  |3 (RuTPU)RU\TPU\pers\29480 
702 1 |a Беляев  |b А. Е.  |c специалист в области машиностроения  |c доктор технических наук, профессор Томского политехнического университета  |f 1933-  |g Арнольд Ефроимович  |2 stltpush  |3 (RuTPU)RU\TPU\pers\9221  |4 727 
712 0 2 |a Томский политехнический университет  |2 stltpush  |3 (RuTPU)RU\TPU\col\376 
801 1 |a RU  |b 63413507  |c 20020314  |g PSBO 
801 2 |a RU  |b 63413507  |c 20230628  |g PSBO 
942 |c BK